Joan Lunden's healthy cooking (Record no. 3667)

MARC details
000 -LEADER
fixed length control field 00389nam a22001457a 4500
008 - FIXED-LENGTH DATA ELEMENTS--GENERAL INFORMATION
fixed length control field 250525b |||||||| |||| 00| 0 eng d
020 ## - INTERNATIONAL STANDARD BOOK NUMBER
ISBN 0316535885
100 ## - MAIN ENTRY--AUTHOR
Author Lunden, Joan
245 ## - TITLE STATEMENT
Title Joan Lunden's healthy cooking
260 ## - PUBLICATION, DISTRIBUTION, ETC. (IMPRINT)
Place of publication Canada
Name of publisher Little, Brown and Company limited
Date of publication 1996
300 ## - COLLATION
Pagination xiii,235
Other physical details ill.
650 ## - TRACINGS
Main Subject Cookery
Subdivision (1st) Low fat diet
942 ## - ADDED ENTRY ELEMENTS (KOHA)
Item type Books
050 ## - LIBRARY OF CONGRESS CALL NUMBER
Classification number TX714
Item number .L86
Holdings
Source of classification or shelving scheme Not for loan Permanent location Current location Date acquired Accession No. Full call number Barcode. Koha item type
Library of Congress Classification   Engineering Library Engineering Library 05/25/2025 2023/61360 TX714.L86 2025-2183 Books